Minor League Baseball Locations With a Map - Statistics

General Stats
  • This quiz has been taken 723 times
  • The average score is 68 of 120
Answers on the Map
Answers color-coded by a green-red scale on the quiz's map according to % correct below.
 
Answer Stats
Major League Affiliate Location Team Name League % Correct
Oakland Athletics Las Vegas Aviators AAA
89%
Arizona Diamondbacks Hillsboro Hops A+
87%
Boston Red Sox Portland Sea Dogs AA
87%
Los Angeles Angels Salt Lake Bees AAA
87%
Atlanta Braves Mississippi Braves AA
86%
Los Angeles Dodgers Oklahoma City Dodgers AAA
86%
San Diego Padres El Paso Chihuahuas AAA
85%
Milwaukee Brewers Nashville Sounds AAA
85%
Toronto Blue Jays Buffalo Bisons AAA
84%
Arizona Diamondbacks Reno Aces AAA
84%
Colorado Rockies Albuquerque Isotopes AAA
83%
St. Louis Cardinals Memphis Redbirds AAA
83%
Kansas City Royals Omaha Storm Chasers AAA
83%
Chicago Cubs Iowa Cubs AAA
82%
Miami Marlins Jacksonville Jumbo Shrimp AAA
82%
Cleveland Guardians Columbus Clippers AAA
81%
Pittsburgh Pirates Indianapolis Indians AAA
81%
Minnesota Twins St. Paul Saints AAA
81%
San Francisco Giants Sacramento River Cats AAA
80%
Los Angeles Dodgers Tulsa Drillers AA
80%
Seattle Mariners Arkansas Travelers AA
79%
Cincinnati Reds Louisville Bats AAA
79%
Chicago White Sox Birmingham Barons AA
78%
Detroit Tigers Toledo Mud Hens AAA
77%
Toronto Blue Jays Vancouver Canadians A+
77%
Chicago White Sox Charlotte Knights AAA
76%
Chicago White Sox Kannapolis Cannon Ballers A
76%
San Diego Padres San Antonio Missions AA
76%
New York Mets Syracuse Mets AAA
75%
Colorado Rockies Hartford Yard Goats AA
74%
Washington Nationals Rochester Red Wings AAA
74%
Cleveland Guardians Akron RubberDucks AA
73%
San Francisco Giants Richmond Flying Squirrels AA
73%
Houston Astros Corpus Christi Christi Hooks AA
72%
Detroit Tigers Erie SeaWolves AA
72%
Seattle Mariners Tacoma Rainiers AAA
72%
Minnesota Twins Wichita Wind Surge AA
72%
Tampa Bay Rays Montgomery Biscuits AA
71%
Colorado Rockies Spokane Indians A+
71%
St. Louis Cardinals Springfield Cardinals AA
70%
Milwaukee Brewers Carolina Mudcats A
69%
Cincinnati Reds Dayton Dragons A+
69%
Tampa Bay Rays Durham Bulls AAA
69%
Cincinnati Reds Chattanooga Lookouts AA
67%
Colorado Rockies Fresno Grizzlies A
67%
Washington Nationals Harrisburg Senators AA
67%
Baltimore Orioles Norfolk Tides AAA
67%
San Francisco Giants San Jose Giants A
67%
New York Yankees Scranton/Wilkes-Barre RailRiders AAA
67%
Chicago White Sox Winston-Salem Dash A+
67%
Oakland Athletics Lansing Lugnuts A+
66%
Tampa Bay Rays Charleston RiverDogs A
65%
Arizona Diamondbacks Amarillo Sod Poodles AA
64%
Kansas City Royals Columbia Fireflies A
64%
San Francisco Giants Eugene Emeralds A+
62%
Toronto Blue Jays New Hampshire Fisher Cats AA
62%
Boston Red Sox Salem Red Sox A
62%
New York Yankees Tampa Tarpons A
62%
Detroit Tigers West Michigan Whitecaps A+
62%
Boston Red Sox Worcester Red Sox AAA
62%
San Diego Padres Fort Wayne TinCaps A+
60%
Los Angeles Angels Rocket City Trash Pandas AA
60%
Milwaukee Brewers Biloxi Shuckers AA
59%
Philadelphia Phillies Lehigh Valley IronPigs AAA
59%
Washington Nationals Wilmington Blue Rocks A+
59%
Miami Marlins Pensacola Blue Wahoos AA
58%
Atlanta Braves Augusta GreenJackets A
56%
Kansas City Royals Northwest Arkansas Naturals AA
56%
Pittsburgh Pirates Greensboro Grasshoppers A+
55%
Houston Astros Asheville Tourists A+
54%
Chicago Cubs South Bend Cubs A+
54%
Cincinnati Reds Daytona Tortugas A
49%
Los Angeles Dodgers Great Lakes Loons A+
49%
Kansas City Royals Quad Cities River Bandits A+
49%
New York Mets Binghamton Rumble Ponies AA
48%
Minnesota Twins Cedar Rapids Kernels A+
48%
Houston Astros Fayetteville Woodpeckers A
48%
Minnesota Twins Fort Myers Mighty Mussels A
48%
Boston Red Sox Greenville Drive A+
48%
St. Louis Cardinals Peoria Chiefs A+
48%
Chicago Cubs Myrtle Beach Pelicans A
47%
Oakland Athletics Midland RockHounds AA
46%
Pittsburgh Pirates Altoona Curve AA
44%
Oakland Athletics Stockton Ports A
44%
New York Mets Brooklyn Cyclones A+
43%
Texas Rangers Round Rock Express AAA
43%
Philadelphia Phillies Reading Fightin Phils AA
42%
Miami Marlins Jupiter Hammerheads A
41%
Seattle Mariners Modesto Nuts A
41%
St. Louis Cardinals Palm Beach Cardinals A
41%
Milwaukee Brewers Wisconsin Timber Rattlers A+
39%
Tampa Bay Rays Bowling Green Hot Rods A+
38%
Philadelphia Phillies Clearwater Threshers A
36%
Houston Astros Sugar Land Space Cowboys AAA
36%
Seattle Mariners Everett AquaSox A+
35%
Baltimore Orioles Bowie Baysox AA
34%
New York Mets St. Lucie Mets A
34%
Texas Rangers Frisco RoughRiders AA
33%
New York Yankees Hudson Valley Renegades A+
33%
Atlanta Braves Gwinnett Stripers AAA
32%
Detroit Tigers Lakeland Flying Tigers A
32%
Baltimore Orioles Delmarva Shorebirds A
31%
Cleveland Guardians Lynchburg Hillcats A
29%
Chicago Cubs Tennessee Smokies AA
29%
Pittsburgh Pirates Bradenton Marauders A
26%
Washington Nationals Fredericksburg Nationals A
26%
Atlanta Braves Rome Braves A+
26%
Baltimore Orioles Aberdeen IronBirds A+
25%
Miami Marlins Beloit Sky Carp A+
24%
Los Angeles Angels Tri-City Dust Devils A+
24%
Texas Rangers Hickory Crawdads A+
23%
Los Angeles Angels Inland Empire 66ers A
23%
New York Yankees Somerset Patriots AA
22%
Arizona Diamondbacks Visalia Rawhide A
22%
Toronto Blue Jays Dunedin Blue Jays A
19%
Philadelphia Phillies Jersey Shore BlueClaws A+
19%
Los Angeles Dodgers Rancho Cucamonga Quakes A
19%
Texas Rangers Down East Wood Ducks A
15%
San Diego Padres Lake Elsinore Storm A
14%
Cleveland Guardians Lake County Captains A+
13%
No matching quizzes found
Score Distribution
Percent of People with Each Score
Percentile by Number Answered
Your Score History
You have not taken this quiz